Una juventud alemana: memorias
Gespeichert in:
| 1. Verfasser: | |
|---|---|
| Format: | Buch |
| Sprache: | Spanisch |
| Veröffentlicht: |
Barcelona
Plaza and Janes
1989
|
| Ausgabe: | 1a. ed |
| Schlagworte: | |
| Tags: |
Tag hinzufügen
Keine Tags, Fügen Sie den ersten Tag hinzu!
|
MARC
| LEADER | 00000cam a2200000 a 4500 | ||
|---|---|---|---|
| 001 | UCE5618 | ||
| 003 | CL-VaPUC | ||
| 008 | 150123e19890300sp |||||||||||||||||spa|d | ||
| 082 | 0 | 4 | |a 928.33 |b MAN |2 21 |
| 100 | |a Mann, Golo |e autor |9 578278 | ||
| 245 | 1 | 4 | |a Una juventud alemana: memorias |
| 250 | |a 1a. ed | ||
| 300 | |a 387 p | ||
| 942 | |c BK | ||
| 945 | |d 20150123 15:06:00 |a arojas | ||
| 260 | |a Barcelona |b Plaza and Janes |c 1989 | ||
| 650 | 7 | |a MEMORIAS |2 CL-VaPUC |9 269159 | |
| 650 | 0 | |a Biografías |9 255210 | |
| 650 | 7 | |a ESCRITORES ALEMANES |2 CL-VaPUC |9 449823 | |
| 583 | |a last modification |c 20150123 15:06:00 |k Rodrigo Vera | ||
| 999 | |c 358277 |d 358275 | ||
| 952 | |0 0 |1 0 |3 erb |4 0 |6 928_330000000000000_MAN_1989 |7 0 |8 X |9 466890 |a FDOBUD |b FDOBUD |i 5151449 |o 928.33 MAN 1989 |p 5151449 |r 2019-11-23 |w 2019-11-23 |y BK_X |z Catalogado en:20150123 |k BUD | ||